000 01068nam a2200217 a 4500
008 120416s1982 ||||||||||||||||| || u
020 _a0712102973
050 _aHF 1106 Pit
100 _aPitfield, Ronald R
245 1 0 _aBusiness Organization
250 _a2nd.ed
260 _aLondon
_bELBS/Macdonald & Evans
_c1982
300 _ax, 245p.
350 _a0.00
650 0 _aBUSINESS
650 _aBUSINESS ORGANIZATION
995 _aMAIN LIBRARY OPEN ACCESS
_D0.00
_e726044
_FCBU-MAIN LIBRARY (Kitwe)
_H1
_I1.80
_jHF 1106 Pit
_M1
_UAVAILABLE
_y025111
_ZMain Library Open Access Collection
995 _aMAIN LIBRARY OPEN ACCESS
_D0.00
_e726043
_FCBU-MAIN LIBRARY (Kitwe)
_H4
_I1.80
_jHF 1106 Pit
_M2
_UAVAILABLE
_y025219
_ZMain Library Open Access Collection
995 _aMAIN LIBRARY OPEN ACCESS
_D0.00
_e726041
_FCBU-MAIN LIBRARY (Kitwe)
_H3
_I1.80
_jHF 1106 Pit
_M3
_UAVAILABLE
_y025227
_ZMain Library Open Access Collection
995 _aANNEX COLLECTION (Main Library)
_D0.00
_e726042
_FCBU-MAIN LIBRARY (Kitwe)
_H2
_I1.80
_jHF 1106 Pit
_M4
_UAVAILABLE
_y025530
_ZAnnex Low-Usage Collection
999 _c77931
_d77931